000
00325pab a2200145 454500
008
180718b2005 xxu||||| |||| 00| 0 eng d
100
_a
Sundaram, I. Satya
245
_a
The trauma of rape
260
_c
2005
300
_a
p.31-32.
362
_a
Aug
650
_a
Sexual abuse
773
_a
Social Welfare
909
_a
66677
999
_c
66677
_d
66677